[Event "POL-chT3 Kujawsko Pomorskie 1617"]
[Site "Poland"]
[Date "2016.11.27"]
[Round "2.21"]
[White "Bieluszewski, Robert"]
[Black "Jaroch, Karol"]
[Result "0-1"]
[WhiteElo "1877"]
[BlackElo "2236"]
[PlyCount "38"]
[EventDate "2016.11.06"]
[EventType "team-tourn"]
[EventRounds "9"]
[EventCountry "POL"]
[SourceTitle "EXT 2018"]
[Source "ChessBase"]
[SourceDate "2017.10.13"]
[SourceVersion "1"]
[SourceVersionDate "2017.10.13"]
[SourceQuality "1"]

1. d4 e6 2. c4 Nf6 3. Nc3 Bb4 4. Nf3 b6 5. a3 Bxc3+ 6. bxc3 Bb7 7. e3 Ne4 8. Qc2 0-0 9. Be2 f5 10. 0-0 Rf6 11. Nd2 Rh6 12. f3 Nxd2 13. Bxd2 Qh4 14. h3 Rg6 15. Kh1 Nc6 16. Rg1 Na5 17. Rab1 Nxc4 18. Bc1 Nd6 19. c4 Ne4 0-1

[Event "POL-chT4 Kujawsko-Pomorskie 1516"]
[Site "Poland"]
[Date "2016.04.03"]
[Round "11"]
[White "Jablonski, Jerzy"]
[Black "Bieluszewski, Robert"]
[Result "0-1"]
[WhiteElo "1748"]
[BlackElo "1920"]
[PlyCount "76"]
[EventDate "2015.11.08"]
[EventType "team-tourn"]
[EventRounds "11"]
[EventCountry "POL"]
[SourceTitle "EXT 2019"]
[Source "ChessBase"]
[SourceDate "2018.10.10"]
[SourceVersion "1"]
[SourceVersionDate "2018.10.10"]
[SourceQuality "1"]

1. e4 c5 2. Nf3 d6 3. d4 cxd4 4. Nxd4 Nf6 5. Nc3 a6 6. h3 e5 7. Nb3 Be6 8. Bg5 Be7 9. Qf3 0-0 10. 0-0-0 b5 11. a3 Nc6 12. Bxf6 Bxf6 13. Nd5 Bxd5 14. exd5 Ne7 15. h4 Kh8 16. Kb1 Ng8 17. Bd3 Be7 18. g4 Qd7 19. Bf5 Qc7 20. g5 g6 21. Bd3 f5 22. h5 Bxg5 23. hxg6 h6 24. Qh5 Qe7 25. Rdg1 Kg7 26. Na5 e4 27. Nc6 Qf6 28. Be2 f4 29. Qh3 f3 30. Bd1 Qf5 31. Nd4 Qxh3 32. Rxh3 Kxg6 33. Ne6 Rf5 34. c4 bxc4 35. Bc2 Nf6 36. Nxg5 Rxg5 37. Re1 Kg7 38. Rh4 Re8 0-1

[Event "POL-chT4 Kujawsko Pomorskie 1011"]
[Site "Poland"]
[Date "2011.01.09"]
[Round "4.31"]
[White "Zebracki, Tomasz"]
[Black "Bieluszewski, Robert"]
[Result "1-0"]
[WhiteElo "1794"]
[BlackElo "2023"]
[PlyCount "81"]
[EventDate "2010.11.07"]
[EventType "team-swiss"]
[EventRounds "10"]
[EventCountry "POL"]
[SourceTitle "EXT 2019"]
[Source "ChessBase"]
[SourceDate "2018.10.10"]
[SourceVersion "1"]
[SourceVersionDate "2018.10.10"]
[SourceQuality "1"]

1. e4 c5 2. Nf3 d6 3. c3 Nf6 4. Be2 Nc6 5. d4 cxd4 6. cxd4 e6 7. Nc3 Be7 8. 0-0 0-0 9. Bf4 a6 10. d5 Nb8 11. Rc1 e5 12. Bg5 h6 13. Bd2 Ne8 14. Na4 Nd7 15. Ne1 b5 16. Nc3 Nc5 17. Nd3 Nxd3 18. Bxd3 Nf6 19. f4 Ng4 20. Qe2 exf4 21. h3 Ne5 22. Bxf4 Bg5 23. Qe3 Bxf4 24. Rxf4 Bd7 25. Rcf1 f6 26. Ne2 Rc8 27. Ng3 Qc7 28. R4f2 Qc5 29. Qe2 a5 30. Kh2 b4 31. Nh5 Qd4 32. Ba6 Rce8 33. Bb5 Re7 34. Bxd7 Nxd7 35. Ng3 Nc5 36. Nf5 Qe5+ 37. Kh1 Ree8 38. Qg4 g5 39. Nxh6+ Kh7 40. Qh5 g4 41. Nf5+ 1-0

[Event "POL-chT4 Kujawsko Pomorskie 0910"]
[Site "Poland"]
[Date "2009.11.08"]
[Round "1.16"]
[White "Bieluszewski, Robert"]
[Black "Sworowski, Piotr"]
[Result "1-0"]
[WhiteElo "2053"]
[BlackElo "1987"]
[PlyCount "69"]
[EventDate "2009.11.08"]
[EventType "team-swiss"]
[EventRounds "11"]
[EventCountry "POL"]
[SourceTitle "EXT 2020"]
[Source "ChessBase"]
[SourceDate "2019.10.17"]
[SourceVersion "1"]
[SourceVersionDate "2019.10.17"]
[SourceQuality "1"]

1. d4 d5 2. c4 e6 3. Nc3 c5 4. cxd5 cxd4 5. Qxd4 Nc6 6. Qd1 exd5 7. Qxd5 Bd7 8. e3 Nf6 9. Qd1 Bb4 10. Bd3 Qe7 11. Nge2 0-0-0 12. Qc2 Bxc3+ 13. bxc3 h5 14. Bb2 Ng4 15. Nd4 Nce5 16. 0-0-0 Nxd3+ 17. Rxd3 Ne5 18. Rdd1 Nc4 19. Kb1 Qg5 20. g3 Rhe8 21. Ka1 Bg4 22. Rb1 Be6 23. Rhd1 Qa5 24. Bc1 a6 25. Rb4 Bd5 26. Qf5+ Kb8 27. Rxc4 g6 28. Qf4+ Ka8 29. Nb3 Bxc4 30. Nxa5 Rxd1 31. Qxc4 Rxc1+ 32. Kb2 Rd1 33. Qxf7 Rb8 34. Nc4 b5 35. Qf3+ 1-0